All asian countries - Statistics

General Stats
  • This quiz has been taken 29 times
  • The average score is 38 of 49
Answer Stats
Letter Answer % Correct
C China
100%
J japan
100%
I india
95%
I indonesia
95%
K Kazakhstan
95%
M malaysia
95%
T Taiwan
95%
T thailand
95%
A Afghanistan
90%
I iran
90%
I Iraq
90%
N Nepal
90%
P Pakistan
90%
R russia
90%
S Singapore
90%
V vietnam
90%
M Mongolia
86%
N north korea
86%
P philippines
86%
S south korea
86%
U Uzbekistan
86%
Y Yemen
86%
C cambodia
81%
L laos
81%
S saudi arabia
81%
T Turkmenistan
81%
A azerbaijan
76%
G Georgia
76%
I Israel
76%
J Jordan
76%
M Myanmar
76%
O Oman
76%
Q qatar
76%
T Tajikistan
76%
B bangladesh
71%
B bhutan
71%
S syria
71%
U United arab emirates
71%
A armenia
67%
B brunei
67%
C Cyprus
67%
K Kuwait
67%
S Sri lanka
67%
L Lebanon
62%
E east timor
57%
M Maldives
57%
K Kyrgystan
48%
P Palestine
29%
T turkiye
29%
No matching quizzes found
Score Distribution
Percent of People with Each Score
Percentile by Number Answered
Your Score History
You have not taken this quiz